| 000 | 005850000a22001810004500 | ||
|---|---|---|---|
| 090 |
_aAR _b00090 |
||
| 245 | 1 | 0 | _aScorpions (<Chelicerata>) from Colombia. III. The scorpio-fauna of Pacific region (<Chocó>), with some biogeographic considerations |
| 650 | 1 | 4 |
_aEscorpiones _992746 |
| 650 | 1 | 4 |
_aFauna _992594 |
| 650 | 1 | 4 |
_aBiogeografía _992747 |
| 650 | 1 | 4 |
_aEndemismo _948559 |
| 651 | 4 |
_dChocó _pColombia _992749 |
|
| 041 | 0 | _aInglés | |
| 700 | 1 |
_aFlórez Daza, Eduardo _97310 |
|
| 100 | 1 |
_aLourenco, Wilson R. _992750 |
|
| 942 | _cARTICULO | ||
| 773 | 1 |
_tKiel _346 _h2 _q119-133 _d1990 _g11 |
|
| 999 |
_c9191 _d9191 |
||